000 00305nam a2200121Ia 4500
005 20251222155209.0
008 251222s9999||||xx |||||||||||||| ||spa||
082 _aREL.164.1-2
100 _aSANCHEZ,Rodrigo
245 0 _aUna mirada religiosa al seƱor de los milagros
264 _bNo tiene
942 _cLIB
999 _c40236
_d40236